[Event "AUTO-INT-235"]
[Site "http://www.queenalice.com/game.php?id=125510"]
[Date "2006.11.5"]
[Round "1"]
[White "renato"]
[Black "mbazeggio"]
[Result "0-1"]
[WhiteElo "1574"]
[BlackElo "1556"]

1. e4 e5 2. Nf3 Nc6 3. b3 d5 4. d3 d4 5. Ba3 Be7 6. Bxe7 Qxe7 7. h3 h6 8. Be2
Nf6 9. Qd2 Bd7 10. c3 Qd6 11. c4 a5 12. Nh4 g5 13. Nf5 Bxf5 14. exf5 e4 15. dxe4
Nxe4 16. Qd3 Qe5 17. f3 Ng3 18. Rg1 Nb4 19. Qd2 d3 20. Nc3 Nc2+ 21. Kf2 Nxa1 22.
Bxd3 Nxb3 23. Qb2 Qd4+ 24. Kxg3 Qxg1 25. Qxb3 Qe1+ 26. Kh2 O-O 27. Ne4 Qb4 28.
Qc2 f6 29. c5 b6 30. Bc4+ Kg7 31. cxb6 cxb6 32. Bd5 Rac8 33. Qe2 Qd4 34. Be6 h5
35. Bxc8 Rxc8 36. Qb5 Qe5+ 37. Kg1 Qxb5 38. Nd6 Qc5+ 39. Kh2 Qxd6+ 40. f4 Qxf4+
41. g3 Qf2+ 0-1

[Event "AUTO-INT-235"]
[Site "http://www.queenalice.com/game.php?id=125511"]
[Date "2006.11.5"]
[Round "1"]
[White "mbazeggio"]
[Black "renato"]
[Result "1/2-1/2"]
[WhiteElo "1553"]
[BlackElo "1568"]

1. e4 e6 2. Nf3 b6 3. d4 Bb7 4. e5 d6 5. Ng5 dxe5 6. Nxf7 Kxf7 7. Qh5+ g6 8.
Qxe5 Nf6 9. Bg5 Bg7 10. Bc4 Re8 11. Nd2 Qd6 12. Qxd6 cxd6 13. O-O-O Bxg2 14.
Rhe1 d5 15. Bb5 Re7 16. Rg1 Be4 17. Nxe4 dxe4 18. d5 exd5 19. c4 Re5 20. Bxf6
Bxf6 21. cxd5 a6 22. Bc6 Nxc6 23. dxc6 Rc5+ 24. Kb1 Rxc6 25. Rge1 Re6 26. a3 Rc8
27. Rc1 Rxc1+ 28. Rxc1 a5 29. Rc4 Be5 30. Rxe4 Bxh2 31. Rc4 Bg1 32. f3 Bh2 33.
Rh4 Re1+ 34. Ka2 Be5 35. Rxh7+ Bg7 36. Rh2 Re3 37. Rf2 a4 38. Kb1 Bd4 39. Rd2
Re1+ 40. Kc2 Bc5 41. Rd3 Re2+ 42. Kb1 Kf6 43. b4 Re1+ 44. Kc2 Be3 45. Kc3 Rc1+
46. Kb2 Re1 47. Kc3 Rc1+ 48. Kb2 Re1 49. Kc3 b5 50. Rd5 Rf1 51. Rxb5 Rxf3 52.
Ra5 Bc1+ 53. Kc2 Bxa3 54. Rxa4 Rf2+ 55. Kb3 Bc1 56. b5 Rf3+ 57. Kc2 Be3 58. Ra3
Rf2+ 59. Kd3 Bc5 60. Ra6+ Kg5 61. Kc4 Be3 62. Kd3 Bc5 63. Kc4 Rf5 64. Rc6 Bg1
65. b6 Bxb6 66. Rxb6 Rf4+ 67. Kd3 Kh5 68. Rb1 g5 69. Rb5 Kh4 70. Ke3 Kg4 71. Rb1
Rf3+ 72. Ke4 Rf4+ 73. Ke3 Rf3+ 74. Ke4 Rf4+ 75. Ke3 Kf5 76. Rb5+ Kg4 77. Rb1 Kh5
78. Rb5 Kg4 79. Rb1 1/2-1/2

[Event "AUTO-INT-235"]
[Site "http://www.queenalice.com/game.php?id=125524"]
[Date "2006.11.5"]
[Round "1"]
[White "jbio"]
[Black "mbazeggio"]
[Result "1/2-1/2"]
[WhiteElo "1248"]
[BlackElo "1546"]

1. e4 e5 2. Nf3 Nc6 3. Bb5 a6 4. Bxc6 dxc6 5. O-O Bc5 6. Nc3 Qd6 7. d3 Bd4 8.
Nxd4 exd4 9. Ne2 c5 10. Bf4 Qg6 11. Bg3 Nh6 12. Nf4 Qg4 13. Qxg4 Nxg4 14. Nd5
O-O 15. f3 Ne3 16. Nxe3 dxe3 17. Rfe1 c6 18. Rxe3 Be6 19. Bd6 Rfe8 20. Bxc5 a5
21. a4 b5 22. d4 f5 23. f4 Bd5 24. Rae1 Bxe4 25. R1e2 Kf7 26. g4 Bf3 27. Re7+
Rxe7 28. Rxe7+ Kf6 29. g5+ Kg6 30. Kf2 Be4 31. Kg3 Rb8 32. Re6+ Kf7 33. Re7+ Kg6
34. Kh4 Bxc2 35. Re6+ Kf7 36. Rxc6 bxa4 37. Rb6 Re8 38. Rb7+ Kg6 39. Re7 Rb8 40.
Re6+ Kf7 1/2-1/2

[Event "AUTO-INT-235"]
[Site "http://www.queenalice.com/game.php?id=125525"]
[Date "2006.11.5"]
[Round "1"]
[White "mbazeggio"]
[Black "jbio"]
[Result "1-0"]
[WhiteElo "1542"]
[BlackElo "1252"]

1. e4 d6 2. d4 Nf6 3. Nc3 g6 4. d5 Bg7 5. h3 O-O 6. Bg5 e5 7. Be2 Nbd7 8. Bf3 a6
9. Qd2 c6 10. Nge2 Nb6 11. b3 Qe8 12. O-O-O Bd7 13. Qe3 c5 14. Bh6 c4 15. Bxg7
Kxg7 16. Qxb6 Qb8 17. Kd2 Ne8 18. Rb1 Nf6 19. bxc4 Rc8 20. Qxb7 Qa7 21. Qxa7
Rxa7 22. Bg4 Rxc4 23. Bxd7 Rxd7 24. Rb6 Nxe4+ 25. Ke3 Nxc3 26. Nxc3 Rxc3+ 27.
Kd2 Rc5 28. Rxa6 Rxd5+ 29. Ke2 Rc7 30. Rc1 Kf6 31. c4 Rd4 32. c5 Kf5 33. Rxd6
Re4+ 34. Kf3 g5 35. g4+ 1-0

[Event "AUTO-INT-235"]
[Site "http://www.queenalice.com/game.php?id=125532"]
[Date "2006.11.5"]
[Round "1"]
[White "Mayaune"]
[Black "mbazeggio"]
[Result "0-1"]
[WhiteElo "1678"]
[BlackElo "1534"]

1. e4 e5 2. Nf3 Nc6 3. d4 exd4 4. Nxd4 Nxd4 5. Qxd4 a6 6. Nc3 d6 7. Bc4 Be6 8.
Bxe6 fxe6 9. O-O Qf6 10. Qa4+ c6 11. Be3 Be7 12. Rad1 Nh6 13. h3 O-O 14. Rd2 Nf7
15. f3 d5 16. Bd4 Qf4 17. Ne2 Qxd2 18. Rf2 Qe1+ 19. Kh2 Bd6+ 20. g3 Be5 21. Kg2
Bd6 22. e5 Nxe5 23. Bc3 Qd1 24. Nd4 Nc4 25. Nxe6 Ne3+ 26. Kh2 Rxf3 27. Rxf3 Qxf3
0-1

[Event "AUTO-INT-235"]
[Site "http://www.queenalice.com/game.php?id=125533"]
[Date "2006.11.5"]
[Round "1"]
[White "mbazeggio"]
[Black "Mayaune"]
[Result "1-0"]
[WhiteElo "1554"]
[BlackElo "1545"]

1. e4 e5 2. Nf3 Nc6 3. d4 d6 4. d5 Nce7 5. Bc4 Nf6 6. Nc3 Bg4 7. Bg5 h6 8. Bxf6
gxf6 9. Qd3 Ng6 10. Bb5+ Bd7 11. Bxd7+ Kxd7 12. Qb5+ Kc8 13. O-O-O a6 14. Qc4
Rg8 15. g3 Qd7 16. Na4 b5 17. Nb6+ Kd8 18. Nxd7 bxc4 19. Nxf6 Rg7 20. Nd2 Ke7
21. Ng4 c3 22. bxc3 Rh7 23. Nb3 a5 24. a4 h5 25. Ne3 Kd7 26. c4 Ne7 27. c5 dxc5
28. Nxc5+ Kc8 29. Nb3 Ng6 30. Nf5 Bb4 31. Kb2 Kd7 32. c3 Bd6 33. c4 Rb8 34. Ka2
Bb4 35. c5 f6 36. c6+ Ke8 37. Rb1 h4 38. Nc5 hxg3 39. fxg3 Kf7 40. Na6 Rb6 41.
Nxc7 Kg8 42. Nb5 Kf8 43. c7 Rxc7 44. Nxc7 Ne7 45. d6 Bxd6 46. Rxb6 Bxc7 47.
Rxf6+ Ke8 48. Nxe7 Kxe7 49. Rc6 Kd7 50. Rhc1 Bd6 51. g4 Ke7 52. g5 1-0

[Event "Challenge"]
[Site "http://www.queenalice.com/game.php?id=128471"]
[Date "2006.11.12"]
[Round "-"]
[White "mbazeggio"]
[Black "emredost"]
[Result "0-1"]
[WhiteElo "1544"]
[BlackElo "1890"]

1. e4 c5 2. Bc4 Nc6 3. Qh5 g6 4. Qxc5 e6 5. Qe3 Bg7 6. Nf3 Ne5 7. Nxe5 Bxe5 8.
d4 Bg7 9. Qd3 a6 10. Bf4 Qb6 11. Nd2 Bxd4 12. Be3 Bxe3 13. fxe3 Qxb2 14. O-O b5
15. Bb3 Bb7 16. c3 Rc8 17. Rab1 Qxc3 18. Qd4 Qxd4 19. exd4 Ne7 20. d5 exd5 21.
Bxd5 Bxd5 22. exd5 O-O 23. d6 Nf5 24. Ne4 Kg7 25. Rbc1 Rc4 26. Rxc4 bxc4 27. Rc1
Rc8 28. Kf2 Rc6 29. g4 Nxd6 30. Nxd6 Rxd6 31. Rxc4 Rd2+ 32. Kg3 Rxa2 33. Rd4
Ra3+ 34. Kg2 Ra2+ 35. Kg3 a5 36. Rxd7 a4 37. h4 a3 38. Kf4 Ra1 39. h5 Rf1+ 40.
Kg5 h6+ 41. Kh4 a2 42. hxg6 a1=Q 43. Rxf7+ Rxf7 44. gxf7 Qf6+ 45. g5 Qxg5+ 46.
Kh3 Kxf7 47. Kh2 h5 48. Kh3 Qg1 0-1

[Event "Challenge"]
[Site "http://www.queenalice.com/game.php?id=134603"]
[Date "2006.11.29"]
[Round "-"]
[White "Tonto"]
[Black "mbazeggio"]
[Result "0-1"]
[WhiteElo "1656"]
[BlackElo "1602"]

1. e4 e5 2. Nf3 Nc6 3. Nc3 Nf6 4. d3 Bb4 5. Bd2 d6 6. Be2 Bg4 7. a3 Bc5 8. Na4
b6 9. b4 b5 10. Nxc5 dxc5 11. bxc5 h6 12. Bc3 Bxf3 13. Bxf3 Nd4 14. Bxd4 Qxd4
15. O-O Qxc5 16. d4 exd4 17. e5 Nd5 18. Qe2 O-O 19. Rfe1 Nc3 20. Qd3 Rae8 21.
Qf5 g6 22. Qh3 Rxe5 23. Rxe5 Qxe5 24. Qxh6 Re8 25. h3 Ne2+ 26. Bxe2 Qxe2 27. Qf4
Qe5 28. Qxe5 Rxe5 29. a4 b4 30. Rb1 a5 31. Rb3 c5 32. f4 Re3 33. Rb1 c4 34. Kf2
b3 35. Rc1 b2 36. Rd1 Ra3 37. Rb1 c3 0-1

[Event "Desafio 1"]
[Site "http://www.queenalice.com/game.php?id=144981"]
[Date "2006.12.22"]
[Round "-"]
[White "marcosbratz"]
[Black "mbazeggio"]
[Result "0-1"]
[WhiteElo "1472"]
[BlackElo "1591"]

1. e4 e5 2. Nf3 Nc6 3. Bb5 a6 4. Ba4 Bc5 5. c3 b5 6. Bb3 Qf6 7. Bd5 Nge7 8. Bb3
Na5 9. d4 exd4 10. cxd4 Bb4+ 11. Nbd2 Nxb3 12. Qxb3 Ba5 13. O-O d6 14. e5 dxe5
15. dxe5 Qf5 16. Nd4 Qxe5 17. N2f3 Qc5 18. Be3 Qc4 19. Qxc4 bxc4 20. b3 c5 21.
Ne2 cxb3 22. axb3 Bb4 23. Bd2 Bg4 24. Rfe1 Bxf3 25. gxf3 Bxd2 26. Red1 Bg5 27.
f4 Bf6 28. Ra5 O-O 29. Rxc5 g6 30. Ng3 Rfd8 31. Re1 Re8 32. f3 Bd4+ 33. Kg2 Bxc5
34. Ne4 Nd5 35. Nf6+ Nxf6 0-1

[Event "Challenge"]
[Site "http://www.queenalice.com/game.php?id=174854"]
[Date "2007.2.27"]
[Round "-"]
[White "mbazeggio"]
[Black "Tonto"]
[Result "0-1"]
[WhiteElo "1620"]
[BlackElo "1731"]

1. e4 e6 2. d4 d5 3. e5 Nc6 4. Bb5 Bd7 5. Bxc6 Bxc6 6. a3 Bb5 7. Nc3 Ba6 8. Nf3
h6 9. Ne2 Ne7 10. Be3 Nf5 11. Qd3 Bxd3 12. cxd3 Nxe3 13. fxe3 f6 14. O-O c5 15.
Nf4 Qb6 16. Ng6 Rg8 17. Rab1 cxd4 18. exd4 Kf7 19. Nfh4 Qxd4+ 20. Rf2 Qxd3 21.
Rbf1 Bc5 22. Nf4 Bxf2+ 23. Rxf2 Qb1+ 24. Rf1 Qxb2 25. Nd3 Qd4+ 0-1

[Event "AUTO-INT-235"]
[Site "http://www.queenalice.com/game.php?id=184266"]
[Date "2007.3.18"]
[Round "2"]
[White "csadler"]
[Black "mbazeggio"]
[Result "1-0"]
[WhiteElo "1815"]
[BlackElo "1620"]

1. d4 d5 2. c4 c6 3. Nf3 h6 4. cxd5 Qxd5 5. Nc3 Qa5 6. Bd2 Bg4 7. e4 Bxf3 8.
Qxf3 e6 9. Nd5 Qd8 10. Nc3 Bb4 11. Qe3 Nf6 12. Bd3 e5 13. dxe5 Ng4 14. Qg3 Nxe5
15. Qxe5+ Be7 16. Qxg7 Bf6 17. Qg3 Ke7 18. O-O Na6 19. Bxa6 bxa6 20. Rad1 Qb8
21. Bf4 Qxb2 22. Bd6+ Ke6 23. Qg4# 1-0

[Event "AUTO-INT-235"]
[Site "http://www.queenalice.com/game.php?id=184267"]
[Date "2007.3.18"]
[Round "2"]
[White "mbazeggio"]
[Black "csadler"]
[Result "1/2-1/2"]
[WhiteElo "1606"]
[BlackElo "1771"]

1. e4 e5 2. d3 f5 3. Nc3 Nf6 4. Bg5 Bb4 5. Qd2 fxe4 6. a3 Bxc3 7. Qxc3 Nc6 8.
Bxf6 Qxf6 9. f3 O-O 10. Qc4+ Kh8 11. Qxe4 d6 12. O-O-O Bf5 13. Qe3 a5 14. g4 Be6
15. Ne2 Qxf3 16. Qxf3 Rxf3 17. h3 Raf8 18. Bg2 Rf2 19. Rhf1 Kg8 20. Rxf2 Rxf2
21. Bxc6 bxc6 22. Ng3 Rh2 23. Nf5 Bxf5 24. gxf5 Rf2 25. d4 exd4 26. Rxd4 Rxf5
27. Re4 Kf7 28. Rc4 c5 29. Ra4 Rf3 30. Rxa5 Ke6 31. h4 Rh3 32. Ra4 Kd5 33. c3
Kc6 34. Kc2 d5 35. Rg4 g6 36. a4 Kb6 37. b4 Rh2+ 38. Kb3 c4+ 39. Ka3 h5 40.
Rxg6+ c6 41. a5+ Kb5 42. a6 Kxa6 43. Rxc6+ Kb5 44. Rc5+ Kb6 45. Rxd5 Rxh4 46.
Rc5 Rh3 47. Rxc4 Kb5 48. Rc5+ Kb6 49. Ka4 h4 50. Rc4 Rh1 51. b5 Ra1+ 52. Kb4
Rb1+ 53. Ka4 Ra1+ 54. Kb4 Rb1+ 55. Ka4 Ra1+ 1/2-1/2

[Event "AUTO-INT-235"]
[Site "http://www.queenalice.com/game.php?id=184270"]
[Date "2007.3.18"]
[Round "2"]
[White "marcosnatal"]
[Black "mbazeggio"]
[Result "1-0"]
[WhiteElo "2299"]
[BlackElo "1637"]

1. d4 d5 2. c4 c6 3. Nc3 Be6 4. Nf3 Nf6 5. Qb3 Qc7 6. cxd5 Nxd5 7. e4 Ne3 8. d5
cxd5 9. exd5 Bxd5 10. Nxd5 Qa5+ 11. Nc3 Nxf1 12. Qxb7 Nd7 13. Qxa8+ Qd8 14.
Qxd8+ Kxd8 15. Rxf1 e6 16. Be3 a6 17. O-O-O Bb4 18. Ne5 Ke7 19. Rxd7+ Kf6 20.
Rxf7+ Kxe5 21. Rd1 Bxc3 22. Bf4+ Ke4 23. f3# 1-0

[Event "AUTO-INT-235"]
[Site "http://www.queenalice.com/game.php?id=184271"]
[Date "2007.3.18"]
[Round "2"]
[White "mbazeggio"]
[Black "marcosnatal"]
[Result "0-1"]
[WhiteElo "1610"]
[BlackElo "2283"]

1. e4 e5 2. Nf3 Nc6 3. Bb5 a6 4. Ba4 b5 5. Bb3 d6 6. Nc3 f5 7. Bd5 Nge7 8. exf5
Bxf5 9. d3 Nxd5 10. Nxd5 Be6 11. Nc3 Be7 12. Qd2 O-O 13. Ng5 Bxg5 14. Qxg5 Qxg5
15. Bxg5 Nb4 16. O-O Nxc2 17. Rac1 Nb4 18. a3 Nxd3 19. Rb1 d5 20. f3 d4 21. Ne4
Bb3 22. Nf2 Rf5 23. Nxd3 Bc2 24. Rbc1 Bxd3 25. Rfd1 Bc4 26. Be7 c6 27. Re1 Re8
28. Bd6 Bd5 29. h3 Re6 30. g4 Rxf3 31. Rxe5 Rxd6 32. Re8+ Kf7 33. Ree1 Rg3+ 34.
Kh2 Rg2+ 0-1

[Event "AUTO-INT-235"]
[Site "http://www.queenalice.com/game.php?id=184274"]
[Date "2007.3.18"]
[Round "2"]
[White "mbazeggio"]
[Black "SAMOEL"]
[Result "1-0"]
[WhiteElo "1613"]
[BlackElo "1805"]

1. e4 e5 2. Nf3 Nc6 3. Bb5 Nf6 4. Bxc6 bxc6 5. d3 Qe7 6. a3 d5 7. Bg5 h6 8. Bxf6
Qxf6 9. h3 d4 10. O-O Be7 11. c3 Qg6 12. cxd4 exd4 13. Ne5 Qf6 14. Nf3 c5 15.
Nbd2 Qg6 16. Ne5 Qg5 17. Ndf3 Qf4 18. Qa4+ Kf8 19. Qc6 Kg8 20. Qxa8 Kh7 21. Qxa7
Bd6 22. g3 Qf6 23. b4 Bxe5 24. Nxe5 Qxe5 25. Qxc5 Qf6 26. g4 Qf3 27. Qxc7 Qxh3
28. Qg3 Qxg4 29. Qxg4 Bxg4 30. f3 Be6 31. Rfc1 h5 32. Kf2 Kg6 33. b5 Kg5 34. b6
h4 35. a4 f5 36. Rg1+ Kf4 37. exf5 Bxf5 38. Ke2 Be6 39. b7 Bd5 40. Rab1 Rb8 41.
Rxg7 Bxf3+ 42. Kf2 Bc6 43. a5 h3 44. a6 Ke5 45. a7 Rf8+ 46. Kg1 Rh8 47. b8=Q+
Rxb8 48. axb8=Q+ Kf6 49. Qc7 Ba4 50. Qe7+ Kf5 51. Rf1# 1-0

[Event "AUTO-INT-235"]
[Site "http://www.queenalice.com/game.php?id=184275"]
[Date "2007.3.18"]
[Round "2"]
[White "SAMOEL"]
[Black "mbazeggio"]
[Result "1-0"]
[WhiteElo "1768"]
[BlackElo "1612"]

1. e4 e5 2. Nf3 Nc6 3. d4 d5 4. Nxe5 Nxe5 5. dxe5 dxe4 6. Qxd8+ Kxd8 7. Bc4 Be6
8. Bxe6 fxe6 9. Bg5+ Be7 10. Bxe7+ Nxe7 11. Nc3 e3 12. O-O Nf5 13. Rfe1 Nd4 14.
Red1 exf2+ 15. Kxf2 c5 16. Ne4 Rf8+ 17. Kg1 Kc7 18. Nxc5 Rad8 19. c3 b6 20. Ne4
Nc2 21. Rac1 Rxd1+ 22. Rxd1 Ne3 23. Re1 Nc2 24. Re2 Na1 25. Ng5 Rf4 26. Nxe6+
1-0

[Event "Challenge"]
[Site "http://www.queenalice.com/game.php?id=197035"]
[Date "2007.4.15"]
[Round "-"]
[White "Tonto"]
[Black "mbazeggio"]
[Result "1-0"]
[WhiteElo "1847"]
[BlackElo "1637"]

1. e4 e5 2. Nf3 Nc6 3. d3 Bc5 4. Nbd2 d6 5. h3 Be6 6. b3 Nd4 7. Nc4 h6 8. c3
Nxf3+ 9. gxf3 Qh4 10. d4 exd4 11. cxd4 Bb4+ 12. Bd2 Bxd2+ 13. Qxd2 d5 14. exd5
Bxd5 15. O-O-O Bxf3 16. Qe3+ Be4 17. Bg2 Nf6 18. Nd2 O-O-O 19. Nxe4 Nxe4 20.
Bxe4 Rhe8 21. Bf5+ Kb8 22. Qf3 Rxd4 23. Bg4 Qg5+ 24. Kb2 Rd2+ 25. Kb1 Red8 26.
Rxd2 Rxd2 27. Qxf7 a6 28. Qg8+ Ka7 29. Qc4 Qa5 30. b4 Qxa2+ 31. Qxa2 Rxa2 32.
Kxa2 b6 33. Re1 1-0

[Event "Challenge"]
[Site "http://www.queenalice.com/game.php?id=205001"]
[Date "2007.5.2"]
[Round "-"]
[White "SmartPatzer"]
[Black "mbazeggio"]
[Result "1-0"]
[WhiteElo "1709"]
[BlackElo "1635"]

1. e4 e5 2. Nc3 Bb4 3. Nd5 Bc5 4. g3 Nf6 5. d3 Nxd5 6. exd5 d6 7. Ne2 Qf6 8. Be3
Bxe3 9. fxe3 Qf3 10. Rg1 Qxe3 11. Qd2 Qxd2+ 12. Kxd2 Na6 13. Bg2 Bf5 14. Rgf1 g6
15. h3 O-O-O 16. g4 Bd7 17. Rxf7 Nb4 18. a3 Na6 19. Raf1 c6 20. dxc6 Bxc6 21.
Bxc6 bxc6 22. Rxa7 Nc5 23. Rff7 Nd7 24. Rfxd7 Rxd7 25. Ra8+ Kc7 26. Rxh8 d5 27.
Ra8 Kb7 28. Re8 e4 29. dxe4 dxe4+ 30. Ke3 1-0

[Event "Challenge"]
[Site "http://www.queenalice.com/game.php?id=205002"]
[Date "2007.5.2"]
[Round "-"]
[White "mbazeggio"]
[Black "SmartPatzer"]
[Result "0-1"]
[WhiteElo "1622"]
[BlackElo "1722"]

1. e4 e6 2. d4 d5 3. e5 c5 4. c3 Nc6 5. Bb5 cxd4 6. cxd4 Qa5+ 7. Nc3 a6 8. Ba4
b5 9. Bb3 Bb4 10. Bd2 Nxd4 11. Nf3 Nxb3 12. axb3 Qb6 13. Be3 Qc7 14. Bd4 Ne7 15.
O-O Nf5 16. Nxb5 Qb7 17. Nd6+ Nxd6 18. Ng5 Nf5 19. Bc3 Bxc3 20. bxc3 O-O 21. c4
dxc4 22. bxc4 h6 23. Ne4 Qxe4 24. Qf3 Qxf3 25. gxf3 Bb7 26. Kg2 Nh4+ 27. Kg3
Nxf3 28. Ra5 Nd2 29. Rc1 Nb3 0-1

[Event "Challenge"]
[Site "http://www.queenalice.com/game.php?id=244879"]
[Date "2007.7.24"]
[Round "-"]
[White "rafaelbdb"]
[Black "mbazeggio"]
[Result "0-1"]
[WhiteElo "1333"]
[BlackElo "1608"]

1. e4 e5 2. Nf3 Nc6 3. Nc3 Nf6 4. Be2 Bb4 5. d4 d6 6. O-O exd4 7. Nxd4 Nxd4 8.
Nd5 Bc5 9. Nxf6+ Qxf6 10. Be3 Nxe2+ 11. Qxe2 O-O 12. Bxc5 dxc5 13. Rad1 Be6 14.
e5 Qg5 15. g3 c6 16. f4 Bg4 0-1